[Event "Berlin Lichtenberger op 10th"]
[Site "Berlin"]
[Date "2011.08.20"]
[Round "8"]
[White "Schubert, Hans Joachim"]
[Black "Poeltelt, Helmut"]
[Result "1-0"]
[WhiteElo "2064"]
[BlackElo "1716"]
[PlyCount "143"]
[EventDate "2011.08.13"]
[EventType "swiss"]
[EventRounds "9"]
[EventCountry "GER"]
[SourceTitle "CBM 143 Extra"]
[Source "ChessBase"]
[SourceDate "2011.08.29"]
[SourceVersion "1"]
[SourceVersionDate "2011.08.29"]
[SourceQuality "1"]

1. e4 c5 2. Nf3 d6 3. d4 cxd4 4. Nxd4 Nf6 5. Nc3 g6 6. Be3 a6 7. Be2 Bg7 8. Qd2 Nc6 9. 0-0 0-0 10. f3 Nxd4 11. Bxd4 b5 12. Rfd1 Qc7 13. Rac1 Re8 14. Bf2 Bb7 15. Nb1 Bxe4 16. fxe4 Nxe4 17. Qb4 Nxf2 18. Kxf2 Qb6+ 19. Kf1 a5 20. Qb3 b4 21. c3 Qe3 22. cxb4 Qxb3 23. axb3 Bxb2 24. Rc2 Be5 25. bxa5 Rxa5 26. g3 Rb8 27. Nd2 d5 28. Rb1 Bd6 29. Bd1 e5 30. Nf3 f6 31. g4 Kf7 32. h4 h6 33. Re2 Rb4 34. Rd2 Ke6 35. Ne1 Rf4+ 36. Kg2 Bb4 37. Re2 Rxg4+ 38. Kh3 Re4 39. Rxe4 dxe4 40. Nc2 Bd2 41. b4 Ra2 42. Ne3 Ra3 43. Bb3+ Kd7 44. Nc4 Bxb4 45. Nxa3 Bxa3 46. Bc2 f5 47. Rg1 g5 48. hxg5 hxg5 49. Rxg5 e3 50. Bxf5+ Kd6 51. Bd3 Bb2 52. Kg3 Bd4 53. Kf3 Kc5 54. Rg2 Kd5 55. Rc2 Kd6 56. Ke4 Ke6 57. Rc6+ Ke7 58. Kd5 Ba1 59. Re6+ Kf7 60. Bg6+ Kg7 61. Bh5 Bd4 62. Kd6 Bc3 63. Rg6+ Kh7 64. Rg3 Bd4 65. Ke6 Kh6 66. Bf3 Kh7 67. Be4+ Kh6 68. Bd3 Kh5 69. Kf5 Kh6 70. Be2 Kh7 71. Kf6 Kh8 72. Rh3+ 1-0

[Event "Berlin Lichtenberger op 10th"]
[Site "Berlin"]
[Date "2011.08.16"]
[Round "4"]
[White "Schubert, Hans Joachim"]
[Black "Kapr, Klaus"]
[Result "0-1"]
[WhiteElo "2064"]
[BlackElo "2058"]
[PlyCount "95"]
[EventDate "2011.08.13"]
[EventType "swiss"]
[EventRounds "9"]
[EventCountry "GER"]
[SourceTitle "CBM 143 Extra"]
[Source "ChessBase"]
[SourceDate "2011.08.29"]
[SourceVersion "1"]
[SourceVersionDate "2011.08.29"]
[SourceQuality "1"]

1. e4 d5 2. exd5 Qxd5 3. Nf3 Bg4 4. Be2 Nc6 5. c3 e5 6. Qa4 Nf6 7. 0-0 e4 8. Bc4 Qh5 9. Nd4 Bd6 10. g3 Bd7 11. Be2 Nxd4 12. Qxd7+ Kxd7 13. Bxh5 Nc2 14. Bd1 Nxa1 15. b3 h5 16. Bb2 Nxb3 17. Bxb3 Raf8 18. h3 h4 19. g4 c6 20. Na3 Nd5 21. c4 Nf4 22. c5 Nxh3+ 23. Kh1 Bxc5 24. f3 Nf2+ 25. Kh2 f6 26. Nc4 exf3 27. d4 Nxg4+ 28. Kh3 Be7 29. Kxg4 f5+ 30. Kxf3 Rh6 31. Ne5+ Kc7 32. d5 g5 33. dxc6 g4+ 34. Ke2 Bd6 35. Nf7 Re8+ 36. Kd1 Rg6 37. cxb7 g3 38. Bd5 g2 39. Bxg2 Rxg2 40. Bc1 Bb4 41. a3 Re7 42. Bf4+ Kxb7 43. Nd8+ Kc8 44. Nc6 Rd7+ 45. Kc1 Bxa3+ 46. Kb1 Rb7+ 47. Ka1 Bb2+ 48. Ka2 0-1

[Event "Wch Seniors 14th"]
[Site "Halle"]
[Date "2004.10.30"]
[Round "7"]
[White "Schubert, Hans Joachim"]
[Black "Taksrud, Vidar"]
[Result "0-1"]
[WhiteElo "2102"]
[BlackElo "1981"]
[PlyCount "148"]
[EventDate "2004.10.24"]
[EventType "swiss"]
[EventRounds "11"]
[EventCountry "GER"]
[SourceTitle "EXT 2005"]
[Source "ChessBase"]
[SourceDate "2004.11.15"]
[SourceVersion "1"]
[SourceVersionDate "2004.11.15"]
[SourceQuality "1"]

1. e4 c5 2. Nf3 e6 3. c3 Nf6 4. e5 Nd5 5. c4 Nc7 6. b3 Nc6 7. Bb2 b6 8. Nc3 Bb7 9. Nb5 Nxb5 10. cxb5 Nd4 11. Nxd4 cxd4 12. Bxd4 Qh4 13. Be3 Qe4 14. Rc1 Qxe5 15. Qg4 h5 16. Qf4 Qb2 17. Rd1 Rc8 18. Bd3 d5 19. Bd4 Qxa2 20. Ra1 Qxb3 21. Ke2 Qb4 22. Rxa7 Qe7 23. Bxb6 e5 24. Qf5 Rh6 25. Qxc8+ Bxc8 26. Rxe7+ Bxe7 27. Be3 g5 28. Rc1 Kd8 29. h4 e4 30. Bb1 Bd7 31. b6 Bb5+ 32. Ke1 Rc6 33. Rxc6 Bxc6 34. Bxg5 f6 35. Bf4 Kc8 36. f3 f5 37. fxe4 fxe4 38. g3 Kb7 39. Bc7 Bb4 40. Ke2 Bc5 41. Bd8 Bb5+ 42. Ke1 Bb4 43. Kd1 Kc6 44. Bc2 Bc5 45. Bb3 Bf2 46. Bc2 Bxg3 47. Bb3 Bf2 48. Bc7 Bc4 49. Ba4+ Kb7 50. Be8 Bxh4 51. Bxh5 Bf2 52. Bf7 Bxb6 53. Bxb6 Kxb6 54. Ke1 Kc5 55. Bh5 d4 56. Kf2 Bd5 57. Ke2 Kb4 58. Bg6 Kb3 59. Be8 Kc2 60. Ba4+ Bb3 61. Bc6 Bc4+ 62. Ke1 Bd3 63. Bd5 Kc1 64. Bc6 Bc2 65. Ke2 e3 66. d3 Bd1+ 67. Ke1 Bg4 68. Be4 Kc2 69. Bg6 Kc3 70. Be4 Kb4 71. Bg6 Kc5 72. Be4 Kd6 73. Bg6 Ke5 74. Be4 Bf5 0-1

[Event "Wch Seniors 14th"]
[Site "Halle"]
[Date "2004.10.27"]
[Round "4"]
[White "Neudel, Bernd"]
[Black "Schubert, Hans Joachim"]
[Result "1/2-1/2"]
[WhiteElo "1909"]
[BlackElo "2102"]
[PlyCount "34"]
[EventDate "2004.10.24"]
[EventType "swiss"]
[EventRounds "11"]
[EventCountry "GER"]
[SourceTitle "EXT 2005"]
[Source "ChessBase"]
[SourceDate "2004.11.15"]
[SourceVersion "1"]
[SourceVersionDate "2004.11.15"]
[SourceQuality "1"]

1. d4 f5 2. c4 e6 3. Nc3 Nf6 4. a3 d5 5. e3 c6 6. Nf3 Bd6 7. c5 Bc7 8. g3 0-0 9. Bg2 Nbd7 10. b4 Ne4 11. Bb2 Nxc3 12. Bxc3 Nf6 13. 0-0 Ne4 14. Bb2 Bd7 15. Ne5 Bxe5 16. dxe5 Ng5 17. Bd4 Be8 1/2-1/2

[Event "Liechtenstein Seniors op 04th"]
[Site "Triesen"]
[Date "2004.??.??"]
[Round "3"]
[White "Klovans, Janis"]
[Black "Schubert, Hans Joachim"]
[Result "1-0"]
[WhiteElo "2464"]
[BlackElo "2091"]
[PlyCount "57"]
[EventDate "2004.05.14"]
[EventType "swiss"]
[EventRounds "9"]
[EventCountry "LIE"]
[SourceTitle "EXT 2005"]
[Source "ChessBase"]
[SourceDate "2004.11.15"]
[SourceVersion "1"]
[SourceVersionDate "2004.11.15"]
[SourceQuality "1"]

1. e4 e5 2. Nf3 Nc6 3. Bb5 a6 4. Ba4 d6 5. Bxc6+ bxc6 6. d4 f6 7. Be3 Ne7 8. Nc3 Ng6 9. h4 Be7 10. h5 Nf8 11. Qe2 Bg4 12. 0-0-0 exd4 13. Bxd4 Ne6 14. Qc4 Qd7 15. Be3 Ng5 16. Bxg5 fxg5 17. Ne5 Be6 18. Qa4 Qc8 19. Qxc6+ Kf8 20. Nf3 Rb8 21. Nd5 Bxd5 22. Rxd5 Rb6 23. Qc4 c6 24. Rf5+ Bf6 25. Nxg5 Qb7 26. b3 h6 27. Ne6+ Ke7 28. Nf4 Rb8 29. Qe6+ 1-0

[Event "Liechtenstein Seniors op 04th"]
[Site "Triesen"]
[Date "2004.??.??"]
[Round "6"]
[White "Schubert, Hans Joachim"]
[Black "Ziltener, Werner"]
[Result "1-0"]
[WhiteElo "2091"]
[BlackElo "2066"]
[PlyCount "87"]
[EventDate "2004.05.14"]
[EventType "swiss"]
[EventRounds "9"]
[EventCountry "LIE"]
[SourceTitle "EXT 2005"]
[Source "ChessBase"]
[SourceDate "2004.11.15"]
[SourceVersion "1"]
[SourceVersionDate "2004.11.15"]
[SourceQuality "1"]

1. e4 e5 2. Nf3 Nc6 3. Bc4 Be7 4. d4 d6 5. dxe5 dxe5 6. Qxd8+ Bxd8 7. 0-0 Nf6 8. Nc3 h6 9. Bb5 Nd7 10. Be3 0-0 11. Rfd1 Be7 12. Rd2 Bd6 13. Rad1 Nf6 14. h3 Be6 15. a3 a6 16. Be2 Na5 17. Nh4 b5 18. b4 Nc6 19. Nf5 Bxf5 20. exf5 e4 21. g4 Rfe8 22. h4 Be5 23. Nd5 Nxd5 24. Rxd5 Bb2 25. Rc5 Ne5 26. Bd4 Bxd4 27. Rxd4 Nf3+ 28. Bxf3 exf3 29. Rf4 Re1+ 30. Kh2 Rd8 31. Rxf3 Rdd1 32. f6 Rh1+ 33. Kg3 Rhg1+ 34. Kf4 Rd4+ 35. Ke5 Rgxg4 36. fxg7 Rde4+ 37. Kf5 Rc4 38. Kf6 Rg6+ 39. Ke7 Rxc5 40. bxc5 Rc6 41. Rf5 Re6+ 42. Kd7 Re2 43. Kxc7 Rxc2 44. Kb6 1-0

[Event "Liechtenstein Seniors op 04th"]
[Site "Triesen"]
[Date "2004.??.??"]
[Round "8"]
[White "Thielemann, Joachim"]
[Black "Schubert, Hans Joachim"]
[Result "1-0"]
[WhiteElo "2012"]
[BlackElo "2091"]
[PlyCount "107"]
[EventDate "2004.05.14"]
[EventType "swiss"]
[EventRounds "9"]
[EventCountry "LIE"]
[SourceTitle "EXT 2005"]
[Source "ChessBase"]
[SourceDate "2004.11.15"]
[SourceVersion "1"]
[SourceVersionDate "2004.11.15"]
[SourceQuality "1"]

1. e4 e5 2. Nf3 Nc6 3. Bb5 a6 4. Ba4 d6 5. Bxc6+ bxc6 6. d4 f6 7. Be3 Ne7 8. Nc3 Ng6 9. Qe2 Be6 10. 0-0-0 Be7 11. h4 0-0 12. h5 Nh8 13. dxe5 fxe5 14. Nxe5 Qe8 15. Ng4 Nf7 16. f4 c5 17. f5 Bd7 18. h6 Nxh6 19. Bxh6 gxh6 20. Kb1 Qb8 21. Qc4+ Kh8 22. Nxh6 Be8 23. Rh3 Bg5 24. Rdh1 Bxh6 25. Rxh6 Rf7 26. Qxf7 Bxf7 27. Rxh7+ Kg8 28. Rh8+ Kg7 29. R1h7+ Kf6 30. Rxb8 Rxb8 31. b3 c4 32. Kc1 cxb3 33. axb3 Rg8 34. Rh2 Ke5 35. Rh7 Kf6 36. Rh2 Ke5 37. Kd2 Rg3 38. Ne2 Rg4 39. Rh7 Kf6 40. Ke3 Rxg2 41. c4 Rg8 42. Kf4 Rb8 43. Rh3 a5 44. Nc3 c6 45. Na4 Rb4 46. Rc3 Be8 47. Rd3 Ke7 48. e5 d5 49. f6+ Ke6 50. Nc5+ Kf7 51. Kf5 a4 52. e6+ Kg8 53. Rg3+ Kf8 54. e7+ 1-0

[Event "Wch Seniors 13th"]
[Site "Bad Zwischenahn"]
[Date "2003.??.??"]
[Round "?"]
[White "Peleikis, Horst"]
[Black "Schubert, Hans Joachim"]
[Result "1/2-1/2"]
[WhiteElo "1915"]
[BlackElo "1805"]
[PlyCount "58"]
[EventDate "2003.11.16"]
[EventType "swiss"]
[EventRounds "11"]
[EventCountry "GER"]
[SourceTitle "CBM 097 Extra"]
[Source "ChessBase"]
[SourceDate "2004.01.13"]
[SourceVersion "1"]
[SourceVersionDate "2004.01.13"]
[SourceQuality "1"]

1. e4 e5 2. Nf3 Nc6 3. Bb5 a6 4. Ba4 d6 5. c3 Bd7 6. d4 Qe7 7. 0-0 g6 8. Re1 Bg7 9. h3 h6 10. d5 Nd8 11. Bc2 Nf6 12. Nbd2 Nh5 13. Nf1 0-0 14. c4 f5 15. exf5 Bxf5 16. Bxf5 gxf5 17. Bd2 Qf7 18. Qc1 Kh7 19. Qc2 e4 20. N3h2 Be5 21. Kh1 Rg8 22. g4 Qg6 23. f3 Nf7 24. Re2 Ng5 25. Bxg5 Qxg5 26. Rae1 fxg4 27. fxg4 Raf8 28. Nd2 Kh8 29. Nxe4 Qh4 1/2-1/2

[Event "Wch Seniors 13th"]
[Site "Bad Zwischenahn"]
[Date "2003.??.??"]
[Round "?"]
[White "Schubert, Hans Joachim"]
[Black "Kaner, Klim"]
[Result "1-0"]
[WhiteElo "1805"]
[BlackElo "1910"]
[PlyCount "55"]
[EventDate "2003.11.16"]
[EventType "swiss"]
[EventRounds "11"]
[EventCountry "GER"]
[SourceTitle "CBM 097 Extra"]
[Source "ChessBase"]
[SourceDate "2004.01.13"]
[SourceVersion "1"]
[SourceVersionDate "2004.01.13"]
[SourceQuality "1"]

1. e4 g6 2. d4 Bg7 3. Be2 d6 4. Be3 Nc6 5. c3 e5 6. d5 Nce7 7. f4 f5 8. Nd2 exf4 9. Bxf4 Nf6 10. Bf3 fxe4 11. Nxe4 Nxe4 12. Bxe4 0-0 13. Ne2 Bg4 14. 0-0 Qd7 15. Qd3 Nf5 16. h3 Bxe2 17. Qxe2 Rae8 18. Rae1 Rf7 19. Qd3 h6 20. g4 Nh4 21. Bg3 Rxf1+ 22. Rxf1 g5 23. Bxh4 gxh4 24. Bf5 Qe7 25. Be6+ Kh8 26. Qg6 Rf8 27. Rxf8+ Bxf8 28. Qg8# 1-0

[Event "Liechtenstein Seniors op 02nd"]
[Site "Triesen"]
[Date "2002.05.11"]
[Round "9"]
[White "Tochtermann, Georg"]
[Black "Schubert, Hans Joachim"]
[Result "1/2-1/2"]
[WhiteElo "1830"]
[BlackElo "1820"]
[PlyCount "34"]
[EventDate "2002.05.??"]
[EventType "swiss"]
[EventRounds "9"]
[EventCountry "LIE"]
[SourceTitle "EXT 2006"]
[Source "ChessBase"]
[SourceDate "2005.11.24"]
[SourceVersion "1"]
[SourceVersionDate "2005.11.24"]
[SourceQuality "1"]

1. e4 e5 2. Nf3 Nc6 3. Bb5 a6 4. Ba4 d6 5. c3 Bd7 6. 0-0 g6 7. d3 Bg7 8. h3 Nf6 9. Bg5 h6 10. Be3 0-0 11. Nbd2 Qe8 12. Re1 Kh7 13. Nf1 Nh5 14. g4 Nf4 15. Bxf4 exf4 16. d4 Nxd4 17. Nxd4 Bxa4 1/2-1/2

[Event "Liechtenstein Seniors op 02nd"]
[Site "Triesen"]
[Date "2002.05.08"]
[Round "6"]
[White "Fatzer, Ernst"]
[Black "Schubert, Hans Joachim"]
[Result "1/2-1/2"]
[WhiteElo "2097"]
[BlackElo "1820"]
[PlyCount "20"]
[EventDate "2002.05.??"]
[EventType "swiss"]
[EventRounds "9"]
[EventCountry "LIE"]
[SourceTitle "EXT 2006"]
[Source "ChessBase"]
[SourceDate "2005.11.24"]
[SourceVersion "1"]
[SourceVersionDate "2005.11.24"]
[SourceQuality "1"]

1. d4 f5 2. Nf3 b6 3. g3 Bb7 4. Bg2 e6 5. 0-0 Nf6 6. c4 Be7 7. Nc3 0-0 8. b3 Ne4 9. Bb2 Nxc3 10. Bxc3 Bf6 1/2-1/2

[Event "Liechtenstein Seniors op 02nd"]
[Site "Triesen"]
[Date "2002.05.07"]
[Round "5"]
[White "Schubert, Hans Joachim"]
[Black "Daum, Dieter"]
[Result "1-0"]
[WhiteElo "1820"]
[BlackElo "1954"]
[PlyCount "49"]
[EventDate "2002.05.??"]
[EventType "swiss"]
[EventRounds "9"]
[EventCountry "LIE"]
[SourceTitle "EXT 2006"]
[Source "ChessBase"]
[SourceDate "2005.11.24"]
[SourceVersion "1"]
[SourceVersionDate "2005.11.24"]
[SourceQuality "1"]

1. e4 c5 2. Nf3 d6 3. c3 Nf6 4. Bd3 g6 5. Bc2 Bg4 6. h3 Bxf3 7. Qxf3 Nc6 8. 0-0 Bg7 9. d3 0-0 10. Qg3 b5 11. Qh4 Re8 12. Nd2 b4 13. Ba4 Rc8 14. Bxc6 Rxc6 15. Nf3 bxc3 16. bxc3 Nd7 17. Bd2 Ne5 18. Ne1 Rb6 19. f4 Nc6 20. f5 Rb2 21. fxg6 hxg6 22. Nf3 Ne5 23. Ng5 Bf6 24. Qh7+ Kf8 25. Ne6+ 1-0

[Event "Reykjavik op"]
[Site "Reykjavik"]
[Date "2002.03.13"]
[Round "7"]
[White "Sigfusson, Sigurdur Dadi"]
[Black "Schubert, Hans Joachim"]
[Result "1-0"]
[WhiteElo "2351"]
[BlackElo "2005"]
[PlyCount "61"]
[EventDate "2002.03.07"]
[EventType "swiss"]
[EventRounds "9"]
[EventCountry "ISL"]
[SourceTitle "CBM 087 Extra"]
[Source "ChessBase"]
[SourceDate "2002.05.03"]
[SourceVersion "2"]
[SourceVersionDate "2002.08.09"]
[SourceQuality "1"]

1. e4 e5 2. Nf3 Nc6 3. Nc3 Nf6 4. Nxe5 Nxe5 5. d4 Ng6 6. e5 Bb4 7. exf6 Qxf6 8. Be3 d5 9. Qd3 c6 10. 0-0-0 0-0 11. Kb1 Bg4 12. f3 Bf5 13. Qd2 Rfe8 14. Bg5 Qd6 15. g4 Bd7 16. h4 Bxc3 17. Qxc3 a5 18. h5 Nf8 19. h6 Ne6 20. Be3 g5 21. Qd2 f6 22. Bd3 Re7 23. Bf5 Nf8 24. f4 Rae8 25. Rh3 Bxf5 26. gxf5 Qd7 27. fxg5 Qxf5 28. Rg3 Kh8 29. gxf6 Qxf6 30. Bg5 Qd6 31. Qg2 1-0

[Event "Reykjavik op"]
[Site "Reykjavik"]
[Date "2002.03.11"]
[Round "5"]
[White "Halldorsson, Halldor Brynjar"]
[Black "Schubert, Hans Joachim"]
[Result "0-1"]
[WhiteElo "2149"]
[BlackElo "2005"]
[PlyCount "70"]
[EventDate "2002.03.07"]
[EventType "swiss"]
[EventRounds "9"]
[EventCountry "ISL"]
[SourceTitle "CBM 087 Extra"]
[Source "ChessBase"]
[SourceDate "2002.05.03"]
[SourceVersion "2"]
[SourceVersionDate "2002.08.09"]
[SourceQuality "1"]

1. e4 e5 2. Nf3 Nc6 3. Bb5 a6 4. Ba4 d6 5. c3 Bd7 6. d4 Qe7 7. 0-0 g6 8. Re1 Bg7 9. d5 Nb8 10. Bxd7+ Nxd7 11. c4 Nh6 12. Nc3 0-0 13. h3 f6 14. Be3 Nf7 15. Nd2 Bh6 16. Nf1 Bxe3 17. Nxe3 b6 18. a4 a5 19. Nc2 Nc5 20. b4 axb4 21. Nxb4 Qd7 22. Ra3 f5 23. f3 fxe4 24. fxe4 Ng5 25. Qd2 h6 26. Rea1 Rf4 27. Nd3 Nxd3 28. Qxd3 Raf8 29. Qe2 Nxh3+ 30. Kh2 Rh4 31. Kg3 Rff4 32. Kh2 Nf2+ 33. Kg3 Nh1+ 34. Rxh1 Rxh1 35. Nd1 Qe7 0-1

[Event "Reykjavik op"]
[Site "Reykjavik"]
[Date "2002.03.09"]
[Round "3"]
[White "Edvardsson, Kristjan"]
[Black "Schubert, Hans Joachim"]
[Result "1-0"]
[WhiteElo "2239"]
[BlackElo "2005"]
[PlyCount "85"]
[EventDate "2002.03.07"]
[EventType "swiss"]
[EventRounds "9"]
[EventCountry "ISL"]
[SourceTitle "CBM 087 Extra"]
[Source "ChessBase"]
[SourceDate "2002.05.03"]
[SourceVersion "2"]
[SourceVersionDate "2002.08.09"]
[SourceQuality "1"]

1. d4 f5 2. g3 Nf6 3. Bg2 e6 4. c4 d5 5. Nd2 c6 6. Qc2 Be7 7. Nh3 Na6 8. a3 Nc7 9. 0-0 0-0 10. Nf3 Ne4 11. Nf4 Bd7 12. Ne5 Be8 13. f3 Nd6 14. Rd1 Nf7 15. cxd5 Nxe5 16. dxe5 exd5 17. Bh3 g5 18. Nd3 Bg6 19. f4 g4 20. Bg2 h5 21. b4 Ne6 22. Bb2 a5 23. Kh1 Kf7 24. Nc5 Bxc5 25. bxc5 h4 26. Rac1 Rh8 27. Kg1 Qc7 28. a4 Rh5 29. Rd3 Rah8 30. Rb3 hxg3 31. hxg3 Kf8 32. Qc3 Rh2 33. Kf2 Rxg2+ 34. Kxg2 Qh7 35. Rg1 Qh2+ 36. Kf1 d4 37. Qxa5 Qh3+ 38. Kf2 Nxf4 39. Qd8+ Be8 40. Qf6+ Bf7 41. gxf4 Qh2+ 42. Rg2 Qxf4+ 43. Kg1 1-0

[Event "Reykjavik op"]
[Site "Reykjavik"]
[Date "2002.03.08"]
[Round "2"]
[White "Schubert, Hans Joachim"]
[Black "Ragnarsson, Johann Hjortur"]
[Result "1-0"]
[WhiteElo "2005"]
[BlackElo "2118"]
[PlyCount "101"]
[EventDate "2002.03.07"]
[EventType "swiss"]
[EventRounds "9"]
[EventCountry "ISL"]
[SourceTitle "CBM 087 Extra"]
[Source "ChessBase"]
[SourceDate "2002.05.03"]
[SourceVersion "2"]
[SourceVersionDate "2002.08.09"]
[SourceQuality "1"]

1. e4 c6 2. c4 d5 3. cxd5 cxd5 4. exd5 Nf6 5. Bb5+ Nbd7 6. Nc3 a6 7. Be2 Nb6 8. Nf3 Nfxd5 9. d4 g6 10. 0-0 Bg7 11. Bg5 0-0 12. Qd2 Re8 13. Bh6 Bh8 14. Rfd1 Bf5 15. Rac1 Rc8 16. Nxd5 Qxd5 17. Qb4 Qd6 18. Rc5 Rc6 19. Qa5 Rec8 20. Rdc1 Bg7 21. Bxg7 Kxg7 22. Rxc6 Rxc6 23. Rxc6 Qxc6 24. Qc5 Qe6 25. Bf1 Qd6 26. Qe5+ Qxe5 27. dxe5 Na4 28. b4 Be6 29. a3 Nc3 30. Nd4 Nb1 31. Nxe6+ fxe6 32. a4 Nc3 33. a5 Kf7 34. Bc4 Nd5 35. b5 axb5 36. Bxb5 g5 37. g3 Nb4 38. f4 gxf4 39. gxf4 Nd5 40. Bd7 b6 41. a6 Kg6 42. Bxe6 Nc7 43. a7 b5 44. f5+ Kg5 45. h4+ Kh5 46. Bd5 b4 47. a8Q Nxa8 48. Bxa8 b3 49. Be4 b2 50. f6 exf6 51. e6 1-0

[Event "Liechtenstein Seniors op 01st"]
[Site "Triesen"]
[Date "2001.05.24"]
[Round "7"]
[White "Schubert, Hans Joachim"]
[Black "Baugut, Ilse"]
[Result "1/2-1/2"]
[WhiteElo "1741"]
[BlackElo "1864"]
[PlyCount "48"]
[EventDate "2001.05.??"]
[EventType "swiss"]
[EventRounds "9"]
[EventCountry "LIE"]
[SourceTitle "EXT 2006"]
[Source "ChessBase"]
[SourceDate "2005.11.24"]
[SourceVersion "1"]
[SourceVersionDate "2005.11.24"]
[SourceQuality "1"]

1. e4 c5 2. Nf3 d6 3. c3 Nf6 4. Bd3 Bg4 5. Bc2 Nc6 6. 0-0 e5 7. d3 Be7 8. Nbd2 0-0 9. h3 Bh5 10. g4 Bg6 11. Nh4 Nd7 12. Nf5 b5 13. a4 b4 14. Nc4 Nb6 15. Nce3 a5 16. Bb3 Rb8 17. Nd5 Nc8 18. Bc4 N8a7 19. f4 exf4 20. Bxf4 Bxf5 21. Nxe7+ Qxe7 22. exf5 bxc3 23. bxc3 Ne5 24. Bxe5 Qxe5 1/2-1/2

[Event "Liechtenstein Seniors op 01st"]
[Site "Triesen"]
[Date "2001.05.21"]
[Round "4"]
[White "Schubert, Hans Joachim"]
[Black "Klieber, Heinz"]
[Result "1/2-1/2"]
[WhiteElo "1741"]
[BlackElo "1762"]
[PlyCount "28"]
[EventDate "2001.05.??"]
[EventType "swiss"]
[EventRounds "9"]
[EventCountry "LIE"]
[SourceTitle "EXT 2006"]
[Source "ChessBase"]
[SourceDate "2005.11.24"]
[SourceVersion "1"]
[SourceVersionDate "2005.11.24"]
[SourceQuality "1"]

1. e4 c5 2. Nf3 Nc6 3. c3 d5 4. exd5 Qxd5 5. d4 cxd4 6. cxd4 e6 7. Nc3 Qd8 8. Bc4 Nf6 9. 0-0 Be7 10. a3 0-0 11. Bf4 a6 12. d5 exd5 13. Nxd5 Nxd5 14. Bxd5 Bg4 1/2-1/2

[Event "Liechtenstein Seniors op 01st"]
[Site "Triesen"]
[Date "2001.05.20"]
[Round "3"]
[White "Porubszki, Georg"]
[Black "Schubert, Hans Joachim"]
[Result "1-0"]
[WhiteElo "1927"]
[BlackElo "1741"]
[PlyCount "97"]
[EventDate "2001.05.??"]
[EventType "swiss"]
[EventRounds "9"]
[EventCountry "LIE"]
[SourceTitle "EXT 2006"]
[Source "ChessBase"]
[SourceDate "2005.11.24"]
[SourceVersion "1"]
[SourceVersionDate "2005.11.24"]
[SourceQuality "1"]

1. e4 e5 2. Nf3 Nc6 3. d4 exd4 4. Bc4 Bc5 5. 0-0 d6 6. c3 d3 7. Qxd3 Be6 8. b4 Bb6 9. a4 a6 10. Bd5 Nge7 11. Bg5 Qd7 12. Nbd2 Bxd5 13. exd5 Ne5 14. Nxe5 dxe5 15. Bxe7 Qxe7 16. Nc4 Ba7 17. Nxe5 0-0 18. Rae1 Rfe8 19. Nf3 Qf6 20. Qc4 Qd6 21. Qb3 h6 22. c4 c5 23. b5 axb5 24. axb5 Bb6 25. Rxe8+ Rxe8 26. Qa2 Qf4 27. Re1 Rxe1+ 28. Nxe1 Qe4 29. Kf1 Bc7 30. Qc2 Qf4 31. g3 Qg4 32. Qd3 Bd6 33. Kg2 b6 34. h3 Qd7 35. Qe4 Qd8 36. Nf3 Qa8 37. Ne5 Qe8 38. f4 f6 39. Qg6 Qe7 40. Ng4 Qe2+ 41. Nf2 Qxc4 42. Qe8+ Kh7 43. Qe4+ Qxe4+ 44. Nxe4 Bb8 45. d6 Kg6 46. g4 f5 47. d7 Bc7 48. Nd6 fxg4 49. hxg4 1-0

[Event "Liechtenstein Seniors op 01st"]
[Site "Triesen"]
[Date "2001.05.19"]
[Round "2"]
[White "Schubert, Hans Joachim"]
[Black "Nadenau, Oskar"]
[Result "1/2-1/2"]
[WhiteElo "1741"]
[BlackElo "1962"]
[PlyCount "39"]
[EventDate "2001.05.??"]
[EventType "swiss"]
[EventRounds "9"]
[EventCountry "LIE"]
[SourceTitle "EXT 2006"]
[Source "ChessBase"]
[SourceDate "2005.11.24"]
[SourceVersion "1"]
[SourceVersionDate "2005.11.24"]
[SourceQuality "1"]

1. e4 c5 2. Nf3 d6 3. c3 Nf6 4. Bd3 Nc6 5. Bc2 Bg4 6. 0-0 Qb6 7. d3 e6 8. Nbd2 Be7 9. Nc4 Qc7 10. Bf4 0-0 11. Re1 b5 12. Ne3 Bh5 13. h3 h6 14. d4 cxd4 15. cxd4 Bxf3 16. gxf3 e5 17. dxe5 dxe5 18. Bg3 Rfd8 19. Nd5 Qd7 20. Nxe7+ 1/2-1/2

[Event "Reykjavik op 19th"]
[Site "Reykjavik"]
[Date "2000.04.07"]
[Round "3"]
[White "Schubert, Hans Joachim"]
[Black "Kristjansson, Stefan"]
[Result "0-1"]
[WhiteElo "2005"]
[BlackElo "2254"]
[PlyCount "75"]
[EventDate "2000.04.05"]
[EventType "swiss"]
[EventRounds "9"]
[EventCountry "ISL"]
[SourceTitle "CBM 075 Extra"]
[Source "ChessBase"]
[SourceDate "2000.05.11"]
[SourceVersion "2"]
[SourceVersionDate "2000.05.11"]
[SourceQuality "1"]

1. e4 e6 2. d4 d5 3. exd5 exd5 4. Nf3 Bd6 5. c4 dxc4 6. Bxc4 Nf6 7. 0-0 0-0 8. Nc3 Bg4 9. h3 Bh5 10. g4 Bg6 11. Ne5 c5 12. Nxg6 hxg6 13. dxc5 Bxc5 14. Bg5 Qc7 15. Qd3 Nbd7 16. Nd5 Qc6 17. Rae1 Rad8 18. b4 Nxd5 19. Bxd5 Nf6 20. Bxc6 Rxd3 21. Bxb7 Bxb4 22. Re3 Rd7 23. Bf3 Bd2 24. Re5 Bxg5 25. Rxg5 Rd3 26. Kg2 Ra3 27. Ra1 Rc8 28. Re5 Rcc3 29. Re3 Rxe3 30. fxe3 Rxe3 31. Rd1 Kf8 32. Kf2 Ra3 33. Rd2 Ke7 34. Kg2 Nd7 35. Kf2 Ne5 36. Bg2 g5 37. Re2 f6 38. Ke1 0-1

[Event "Liechtenstein Seniors op"]
[Site "Triesen"]
[Date "2000.??.??"]
[Round "5"]
[White "Nadenau, Oskar"]
[Black "Schubert, Hans Joachim"]
[Result "0-1"]
[WhiteElo "2050"]
[BlackElo "2005"]
[PlyCount "76"]
[EventDate "2000.05.27"]
[EventType "swiss"]
[EventRounds "7"]
[EventCountry "LIE"]
[SourceTitle "EXT 2001"]
[Source "ChessBase"]
[SourceDate "2000.11.22"]
[SourceVersion "1"]
[SourceVersionDate "2000.11.22"]
[SourceQuality "1"]

1. d4 f5 2. g3 e6 3. Bg2 Nf6 4. Nf3 Be7 5. 0-0 0-0 6. c4 d5 7. Nc3 c6 8. b3 Qe8 9. e3 Nbd7 10. Ne2 Ne4 11. Bb2 g5 12. Ne1 Rf6 13. Nd3 Rh6 14. f3 Nef6 15. h3 Rg6 16. Ne5 Rg7 17. Qc2 Nf8 18. Kf2 Ng6 19. Rg1 h5 20. a3 h4 21. Nxg6 hxg3+ 22. Nxg3 Rxg6 23. Raf1 f4 24. Ne2 fxe3+ 25. Kxe3 e5 26. Kd2 exd4 27. Nxd4 dxc4 28. bxc4 Bc5 29. Re1 Qf7 30. f4 g4 31. Re5 Bd6 32. Kd1 Bxe5 33. fxe5 gxh3 34. Qxg6+ Qxg6 35. Bd5+ Kh7 36. Rxg6 Kxg6 37. Bf3 Bg4 38. exf6 h2 0-1